Normal view
MARC view
Entry Geographic Name
001 - CONTROL NUMBER
- control field: 288238
003 - CONTROL NUMBER IDENTIFIER
- control field: MY-SjTCS
005 - DATE AND TIME OF LATEST TRANSACTION
- control field: 20200306170617.0
008 - FIXED-LENGTH DATA ELEMENTS
- fixed length control field: 200306|| aca||aabn | a|a d
040 ## - CATALOGING SOURCE
- Original cataloging agency: MY-SjTCS
- Transcribing agency: MY-SjTCS
151 ## - HEADING--GEOGRAPHIC NAME
- Geographic name: Mexico
670 ## - SOURCE DATA FOUND
- Source citation: Work cat.: (MY-SjTCS)63938: Romero, Robert Chao, 1972- 288234, The Chinese in Mexico, 1882-1940, c2010.